Centrum chorvátskej kultúry, Jarovce

Gespeichert in:
Bibliographische Detailangaben
1. Verfasser: Miháliková, Nina (Verfasst von)
Weitere Verfasser: Oravcová, Eva (Betreuung Doktorarbeit)
Format: Manuskript Buch
Sprache:Slowakisch
Veröffentlicht: 2025
Schlagworte:
Online-Zugang:http://is.stuba.sk/zp/portal_zp.pl?podrobnosti=168204
Tags: Tag hinzufügen
Keine Tags, Fügen Sie das erste Tag hinzu!

MARC

LEADER 00000ntm a22000003a 4500
001 stuzp104437
003 SK-STU
005 20250614213000.6
007 ta
008 150427s2015----xo-----f-mn---000-0-slo-d
040 |a STU  |b slo 
041 0 |a slo 
100 1 |a Miháliková, Nina  |u 058180  |4 aut  |U FAD Fakulta architektúry a dizajnu  |T FAD Ústav architektúry občianskych budov  |X 115539  |U A8180  |Y 399  |7 115539 
242 0 1 |a Croatian Cultural Center, Jarovce  |y eng 
245 1 0 |a Centrum chorvátskej kultúry, Jarovce 
260 |c 2025 
650 4 |a Tradition  |2 eng 
650 4 |a Union  |2 eng 
650 4 |a Community  |2 eng 
650 4 |a Integrácia  |2 slo 
650 4 |a Komunita  |2 slo 
650 4 |a Tradícia  |2 slo 
700 1 |a Oravcová, Eva  |4 ths  |X 411  |7 A000000411 
856 4 |u http://is.stuba.sk/zp/portal_zp.pl?podrobnosti=168204